| 000 | 01534nam0a2200373 4500 | ||
|---|---|---|---|
| 001 | RU\NLR\BIBL_A\022277054 | ||
| 005 | 20260420012112.0 | ||
| 010 |
_a978-5-389-2432-6 _93000 |
||
| 021 |
_aRU _bКН-П-24-030929 _9КН-П-24-3128 |
||
| 035 | _a(NLR Aleph) 022277054 | ||
| 090 |
_a13660549 _c13660549 |
||
| 100 | _a20240712d2022 u y0rusy50 ca | ||
| 101 | 1 |
_arus _ceng |
|
| 102 | _aRU | ||
| 105 | _aab z 000yb | ||
| 181 | 0 |
_ai3 _baxxe |
|
| 182 | 0 | _an | |
| 200 | 1 |
_aЗелот _dZealot _eземной путь Иисуса из Назарета _eистория, факты, события _fРеза Аслан _gперевод с английского Татьяны Лисицыной _zeng |
|
| 203 |
_aТекст _bвизуальный _cнепосредственный |
||
| 210 |
_aМосква _cКоЛибри _cАзбука-Аттикус _d2022 |
||
| 215 |
_a348, [2] с. _cил., карт. _d22 |
||
| 300 | _aАвт. также на англ. яз.: Reza Aslan | ||
| 320 | _aБиблиогр. в конце кн. | ||
| 333 | _a16+ | ||
| 510 | 1 |
_6z22790 _aZealot _zeng |
|
| 600 | 0 |
_aИисус Христос _91151654 _3RU\NLR\AUTH\66459662 |
|
| 686 | 1 | _aЭ37-228.1 | |
| 700 | 1 |
_7ca _8rus _aАслан _bР. _f1972- _gРеза _9204960 _3RU\NLR\AUTH\770205012 |
|
| 702 | 0 |
_4280 _7ca _8rus _aИисус Христос _9119452 _3RU\NLR\AUTH\779638 |
|
| 790 | 1 |
_7ba _8eng _aAslan _bR. _f1972- _gReza _9204965 _3RU\NLR\AUTH\770205017 |
|
| 942 | _cBOOK | ||
| 980 | _aNB | ||